| 000 -LEADER |
| fixed length control field |
00550nam a22001697a 4500 |
| 008 - FIXED-LENGTH DATA ELEMENTS--GENERAL INFORMATION |
| fixed length control field |
220224b 2016 ||||| |||| 00| 0 eng d |
| 020 ## - INTERNATIONAL STANDARD BOOK NUMBER |
| International Standard Book Number |
9788182748910 |
| 082 ## - DEWEY DECIMAL CLASSIFICATION NUMBER |
| Classification number |
387.509 |
| Item number |
GUP |
| 100 ## - MAIN ENTRY--PERSONAL NAME |
| Personal name |
Gupta, Sadanand |
| 245 ## - TITLE STATEMENT |
| Title |
Shipping industry in India : colonialism to Globalisation ( a spatio-temporal analysis |
| 260 ## - PUBLICATION, DISTRIBUTION, ETC. (IMPRINT) |
| Place of publication, distribution, etc |
New Delhi |
| Name of publisher, distributor, etc |
Pentagon Press |
| Date of publication, distribution, etc |
2016 |
| 300 ## - PHYSICAL DESCRIPTION |
| Extent |
xxii,165p. |
| 650 ## - SUBJECT ADDED ENTRY--TOPICAL TERM |
| Topical term or geographic name as entry element |
Port Traffic : Composition and volume |
| 650 ## - SUBJECT ADDED ENTRY--TOPICAL TERM |
| Topical term or geographic name as entry element |
Port performance and Productivity |
| 650 ## - SUBJECT ADDED ENTRY--TOPICAL TERM |
| Topical term or geographic name as entry element |
Governance in the Port System |
| 942 ## - ADDED ENTRY ELEMENTS (KOHA) |
| Item type |
Books |